Văn bản hướng dẩn thi hành bộ luật lao động

Những quy định chủ yếu về giờ giấc làm việc và thời gian nghỉ ngơi, về hợp đồng lao động và thoả ước lao động tập thể, về tiền lương và trách nhiệm vật chất, về an toàn lao động, đưa lao động Việt Nam đi làm việc có thới hạn ở n...

詳細記述

保存先:
書誌詳細
フォーマット: 図書
言語:Undetermined
出版事項: Hà Nội Chính trị Quốc gia 1995
主題:
タグ: タグ追加
タグなし, このレコードへの初めてのタグを付けませんか!
Thư viện lưu trữ: Trung tâm Học liệu Trường Đại học Cần Thơ
LEADER 01011nam a2200205Ia 4500
001 CTU_23830
008 210402s9999 xx 000 0 und d
020 |c 24000 
082 |a 344.01 
082 |b V115 
245 0 |a Văn bản hướng dẩn thi hành bộ luật lao động 
260 |a Hà Nội 
260 |b Chính trị Quốc gia 
260 |c 1995 
520 |a Những quy định chủ yếu về giờ giấc làm việc và thời gian nghỉ ngơi, về hợp đồng lao động và thoả ước lao động tập thể, về tiền lương và trách nhiệm vật chất, về an toàn lao động, đưa lao động Việt Nam đi làm việc có thới hạn ở nứơc ngoài và có bảo hiểm xã hội. 
650 |a Labor 
650 |x Laws and legislation 
650 |z Vietnam 
904 |i Nguyễn Quang Điền 
980 |a Trung tâm Học liệu Trường Đại học Cần Thơ